000 00339nam a2200121Ia 4500
008 220120s9999||||xx |||||||||||||| ||und||
082 _a005.14 BRU
100 _aBruegge, Berld Butoit, Allen, H
_92376
245 0 _aObject oriented software engineering
260 _aPearson education of asia
300 _b310
650 _aNETWORK ANALYSIS
999 _c137180
_d137180